Performance management (Record no. 395569)

MARC details
000 -LEADER
fixed length control field 00517 a2200205 4500
005 - DATE & TIME
control field 20260121163045.0
008 - FIXED-LENGTH DATA ELEMENTS--GENERAL INFORMATION
fixed length control field 260121b |||||||| |||| 00| 0 eng d
020 ## - ISBN
International Standard Book Number 9789349281103
Price Rs. 1595.00
040 ## - CATALOGING SOURCE
Original cataloging agency VIVEKANANDA LIBRARY
082 ## - DDC NUMBER
Classification number 658.3125
Book Number K631P
100 ## - MAIN ENTRY--PERSONAL NAME
Personal name Kirar, Satyaprakash
245 ## - TITLE STATEMENT
Title Performance management
260 ## - PUBLICATION, DISTRIBUTION, ETC. (IMPRINT)
Name of publisher, distributor, etc Yking Books
Date of publication, distribution, etc 2026
Place of publication, distribution, etc Jaipur
300 ## - PHYSICAL DESCRIPTION
Pages viii, 201
650 ## - Subject
Subject Management
650 ## - Subject
Subject Framework
700 ## - Added Entry Personal Name
Added Entry Personal Name Duggal, Hariom
700 ## - Added Entry Personal Name
Added Entry Personal Name Surender Kumar
942 ## - ADDED ENTRY ELEMENTS (KOHA)
Koha item type Books
Holdings
Withdrawn status Lost status Source of classification or shelving scheme Damaged status Not for loan Location (home branch) Sublocation or collection (holding branch) Shelving location Date acquired Koha issues (times borrowed) Koha full call number Accession No. Koha date last seen Koha item type
    Dewey Decimal Classification     VIVEKANANDA LIBRARY VIVEKANANDA LIBRARY Vivekananda Library 05/01/2026   658.3125 K631P 425183 05/01/2026 Books
© Designed and Maintained by Vivekananda Library, MDU Rohtak